00436nam a22001577a 450000500170000001000150001702000260003203500140005803700130007208200160008510000160010124500360011726000390015327000570019230000290024920190114131946.0 aENG-124636 a9789350578223c250.00 aEN-108168 bDBAD/PUB a616.4620654 aSethi, A.K. aCuring diabetes/cby A.K. Sethi aNew Delhi bV & S Publishersc2017 aF-2/16, Ansari Road, Daryaganj,bNew Delhi e110002 a100p. c21cm.(pbk)bill.